[Event "EU-chT Seniors 10th"]
[Site "Dresden"]
[Date "2008.02.18"]
[Round "8.4"]
[White "Kaden, Guenter"]
[Black "Nystrom, Ragnar"]
[Result "1/2-1/2"]
[WhiteElo "1716"]
[BlackElo "2026"]
[PlyCount "71"]
[EventDate "2008.02.11"]
[EventType "team-swiss"]
[EventRounds "9"]
[EventCountry "GER"]
[SourceTitle "CBM 122 Extra"]
[Source "ChessBase"]
[SourceDate "2008.03.04"]
[SourceVersion "1"]
[SourceVersionDate "2008.03.04"]
[SourceQuality "1"]
[WhiteTeam "Coswig"]
[BlackTeam "Sweden II"]
[WhiteTeamCountry "GER"]
[BlackTeamCountry "SWE"]

1. d4 Nf6 2. c4 e6 3. Nf3 d5 4. e3 Be7 5. Bd3 0-0 6. 0-0 dxc4 7. Bxc4 a6 8. b3 b5 9. Be2 Bb7 10. Bb2 Nbd7 11. Nbd2 c5 12. dxc5 Nxc5 13. Nd4 Rc8 14. Rc1 Qb6 15. Ba1 Rfd8 16. Qe1 h6 17. N2f3 Be4 18. Kh1 Nd3 19. Bxd3 Bxd3 20. Rg1 Be4 21. Rxc8 Rxc8 22. Qd2 Nd5 23. Rc1 Qb7 24. Rxc8+ Qxc8 25. Ne1 Bb4 26. Qd1 Qc7 27. Ndc2 Bc3 28. Nd4 Bxa1 29. Qxa1 Qc3 30. Qxc3 Nxc3 31. a3 Kf8 32. Kg1 Ke7 33. Kf1 Kd6 34. f3 Bb7 35. Nec2 a5 36. Kf2 1/2-1/2

[Event "EU-chT Seniors 10th"]
[Site "Dresden"]
[Date "2008.02.16"]
[Round "6.4"]
[White "Guenther, Egbert"]
[Black "Nystrom, Ragnar"]
[Result "1-0"]
[WhiteElo "1837"]
[BlackElo "2026"]
[PlyCount "85"]
[EventDate "2008.02.11"]
[EventType "team-swiss"]
[EventRounds "9"]
[EventCountry "GER"]
[SourceTitle "CBM 122 Extra"]
[Source "ChessBase"]
[SourceDate "2008.03.04"]
[SourceVersion "1"]
[SourceVersionDate "2008.03.04"]
[SourceQuality "1"]
[WhiteTeam "Dresden Striesen"]
[BlackTeam "Sweden II"]
[WhiteTeamCountry "GER"]
[BlackTeamCountry "SWE"]

1. e4 e6 2. d4 d5 3. c4 dxe4 4. Nc3 Nf6 5. f3 exf3 6. Nxf3 c5 7. Bg5 cxd4 8. Nxd4 a6 9. Qa4+ Bd7 10. Qc2 Bc5 11. Nb3 Be7 12. 0-0-0 0-0 13. Bd3 h6 14. h4 Qc8 15. Ne4 Nc6 16. Nxf6+ Bxf6 17. Bxf6 gxf6 18. Qf2 f5 19. g4 fxg4 20. Qf6 Qd8 21. Qxh6 f5 22. Nc5 Qf6 23. Qxf6 Rxf6 24. Nxd7 Rf7 25. Nb6 Re8 26. c5 Ne5 27. Be2 f4 28. Nc4 Nxc4 29. Bxc4 Rc7 30. Rd4 Rxc5 31. Kd2 b5 32. b3 Rf5 33. Rf1 Rh5 34. Rfxf4 Rxh4 35. Rxg4+ Rxg4 36. Rxg4+ Kf7 37. Kc3 Rh8 38. Re4 Rh6 39. Kb4 Ke7 40. Ka5 Kd6 41. Rxe6+ Rxe6 42. Bxe6 Kxe6 43. Kxa6 1-0

[Event "Rilton Cup 34th"]
[Site "Stockholm"]
[Date "2004.12.27"]
[Round "1"]
[White "Furhoff, Johan"]
[Black "Nystrom, Ragnar"]
[Result "1-0"]
[WhiteElo "2338"]
[BlackElo "2082"]
[PlyCount "81"]
[EventDate "2004.12.27"]
[EventType "swiss"]
[EventRounds "9"]
[EventCountry "SWE"]
[SourceTitle "CBM 104 Extra"]
[Source "ChessBase"]
[SourceDate "2005.03.01"]
[SourceVersion "1"]
[SourceVersionDate "2005.03.01"]
[SourceQuality "1"]

1. e4 e6 2. d4 d5 3. Nd2 Nf6 4. e5 Nfd7 5. c3 c5 6. f4 Nc6 7. Ndf3 Qb6 8. g3 cxd4 9. cxd4 f6 10. Bh3 Bb4+ 11. Kf1 0-0 12. Kg2 fxe5 13. fxe5 Ndxe5 14. dxe5 Nxe5 15. Qd4 Qxd4 16. Nxd4 Nd3 17. Be3 e5 18. Ne6 d4 19. Nxf8 Bxh3+ 20. Nxh3 dxe3 21. Kf3 Bxf8 22. Kxe3 Nxb2 23. Rhc1 Na4 24. Rc7 Bc5+ 25. Ke2 Bd4 26. Rac1 b5 27. Ng5 g6 28. Ne4 Rf8 29. R1c6 Rf7 30. Nf6+ Kg7 31. Ne8+ Kg8 32. Rxf7 Kxf7 33. Nd6+ Ke6 34. Nxb5+ Kd5 35. Nxd4 exd4 36. Ra6 d3+ 37. Ke3 Nb2 38. Rxa7 Kc4 39. Rc7+ Kb4 40. Rxh7 Kc3 41. Rc7+ 1-0

[Event "SWE-chT 0405"]
[Site "Sweden"]
[Date "2004.??.??"]
[Round "2"]
[White "Akvist, Hakan"]
[Black "Nystrom, Ragnar"]
[Result "1-0"]
[WhiteElo "2132"]
[BlackElo "1993"]
[PlyCount "59"]
[EventDate "2004.11.05"]
[EventType "team-tourn"]
[EventRounds "11"]
[EventCountry "SWE"]
[SourceTitle "EXT 2006"]
[Source "ChessBase"]
[SourceDate "2005.11.24"]
[SourceVersion "1"]
[SourceVersionDate "2005.11.24"]
[SourceQuality "1"]
[WhiteTeam "Eksjo"]
[BlackTeam "Wasa"]
[WhiteTeamCountry "SWE"]
[BlackTeamCountry "SWE"]

1. d4 e6 2. c4 Nf6 3. Nc3 d5 4. Nf3 Be7 5. Bf4 c6 6. e3 0-0 7. Qc2 Nbd7 8. Rd1 a6 9. Bd3 dxc4 10. Bxc4 Nd5 11. Bg3 N7f6 12. e4 Nxc3 13. bxc3 b5 14. Bd3 h6 15. 0-0 Bb7 16. c4 Qc8 17. Bh4 Re8 18. c5 a5 19. Nd2 Qd8 20. Bxf6 Bxf6 21. e5 Be7 22. Ne4 Ba6 23. Qe2 Qxd4 24. Nf6+ Kh8 25. Nxe8 Rxe8 26. Qh5 Qf4 27. g3 Qg5 28. Qe2 Bxc5 29. Qe4 Kg8 30. Qxc6 1-0

[Event "Rilton Cup 33rd"]
[Site "Stockholm"]
[Date "2003.12.29"]
[Round "3"]
[White "Bodin, Stefan"]
[Black "Nystrom, Ragnar"]
[Result "0-1"]
[WhiteElo "2004"]
[BlackElo "2098"]
[PlyCount "88"]
[EventDate "2003.12.27"]
[EventType "swiss"]
[EventRounds "9"]
[EventCountry "SWE"]
[SourceTitle "CBM 097 Extra"]
[Source "ChessBase"]
[SourceDate "2004.01.13"]
[SourceVersion "1"]
[SourceVersionDate "2004.01.13"]
[SourceQuality "1"]

1. b3 e5 2. Bb2 d6 3. d4 f6 4. g3 Be6 5. Bg2 c6 6. c4 Ne7 7. Nc3 Ng6 8. e3 Be7 9. Qd2 0-0 10. h4 Re8 11. h5 Nf8 12. d5 Bf7 13. g4 c5 14. Nge2 Na6 15. Ng3 Nc7 16. Nf5 Qb8 17. Ne4 Na6 18. Bf1 Qc7 19. Be2 Rac8 20. Rg1 h6 21. Neg3 Nh7 22. Nxg7 Kxg7 23. Nf5+ Kf8 24. Nxh6 Bd8 25. Nf5 Ng5 26. e4 Nb8 27. Rh1 Bg8 28. 0-0-0 a6 29. Bd3 Nd7 30. Rdf1 Bh7 31. f4 exf4 32. Qxf4 Ne5 33. Bb1 Kg8 34. h6 Bxf5 35. gxf5 b5 36. Rfg1 bxc4 37. bxc4 Rb8 38. h7+ Kh8 39. Rg2 Rb4 40. Bxe5 dxe5 41. Qf1 Qb6 42. Bc2 Be7 43. Rh6 Rb8 44. Bb3 Rxb3 0-1

[Event "SWE-ch Seniors"]
[Site "Linkoping"]
[Date "2001.??.??"]
[Round "1"]
[White "Nystrom, Ragnar"]
[Black "Soderborg, Berndt"]
[Result "0-1"]
[WhiteElo "2154"]
[BlackElo "2095"]
[PlyCount "52"]
[EventDate "2001.??.??"]
[EventType "tourn"]
[EventRounds "7"]
[EventCountry "SWE"]
[SourceTitle "EXT 2002"]
[Source "ChessBase"]
[SourceDate "2001.11.25"]
[SourceVersion "1"]
[SourceVersionDate "2001.11.25"]
[SourceQuality "1"]

1. e4 e5 2. Nf3 Nc6 3. Bc4 Bc5 4. c3 Qe7 5. d4 Bb6 6. 0-0 d6 7. h3 Nf6 8. Re1 h6 9. b4 0-0 10. a4 a6 11. Ba3 Re8 12. b5 Na5 13. Nxe5 Be6 14. Bxe6 Qxe6 15. Nf3 axb5 16. e5 dxe5 17. Rxe5 Qb3 18. Qxb3 Nxb3 19. Ra2 bxa4 20. Nbd2 Rxe5 21. Nxe5 Nd5 22. Nec4 Nxc3 23. Nxb6 cxb6 24. Rb2 Ne2+ 25. Kf1 Nexd4 26. Nc4 Rc8 0-1